Gaming Quiz

Random Gaming or Video Games Quiz

Grand Theft Auto 3 Districts (Map) Quiz Stats

 Plays Quiz not verified by Sporcle

Score 0/27 Timer 05:00
0 Plays Today
% Correct
Chinatown
87.3%
Red Light District
76.2%
Saint Marks
70.6%
Francis International Airport
66.7%
Callahan Bridge
60.3%
Harwood
54.8%
Cochrane Dam
50%
Hepburn Heights
49.2%
Belleville Park
48.4%
Portland Beach
47.6%
Aspatria
46.8%
Trenton
46.8%
Callahan Point
44.4%
Wichita Gardens
43.7%
% Correct
Torrington
42.9%
Portland Harbor
42.1%
Fort Staunton
39.7%
Atlantic Quays
38.1%
Pike Creek
36.5%
Cedar Grove
35.7%
Liberty Campus
34.9%
Newport
34.9%
Bedford Point
34.1%
Portland View
33.3%
Rockford
27.8%
Portland Rock
27.8%
Shoreside Lift Bridge
25.4%

You're not logged in!

Compare scores with friends on all Sporcle quizzes.
OR
Log In

Sporcle TV

Today on Sporcle TV


Watch our educational content, quiz creation guides, and fun videos on Sporcle TV.

Show Comments

Extras

Top Quizzes Today


Score Distribution

Your Account Isn't Verified!

In order to create a playlist on Sporcle, you need to verify the email address you used during registration. Go to your Sporcle Settings to finish the process.

Report this User

Report this user for behavior that violates our Community Guidelines.

Details: